Office administration handbook (Record no. 27225)

MARC details
000 -LEADER
fixed length control field 00305nam a2200121Ia 4500
082 ## - DEWEY DECIMAL CLASSIFICATION NUMBER
Classification number 651(035)
Item number WAL
100 ## - MAIN ENTRY--AUTHOR NAME
Personal name Walley, B H
245 #0 - TITLE STATEMENT
Title Office administration handbook
260 ## - PUBLICATION, DISTRIBUTION, ETC. (IMPRINT)
Place of publication Britain
Name of publisher W and J Mackay
Year of publication 1975
650 ## - SUBJECT ADDED ENTRY--TOPICAL TERM
Topical Term Management
942 ## - ADDED ENTRY ELEMENTS (KOHA)
Koha item type Books
Holdings
Withdrawn status Lost status Damaged status Not for loan Home library Current library Date acquired Cost, normal purchase price Full call number Accession Number Koha item type
        RRII Library RRII Library 16/12/2021 8.50 651(035) WAL 07852 Books